000 00620cam3a220018100 4500
001 lce00644782
008 700928s1968 cauab b 000 0 eng
010 _a 68019321
035 _a(Sirsi) r115483
050 0 _aLB 3062 WEI 1968
100 1 _aWeinberg, Meyer, 1920-
_dWeinberg, Meyer, 1920-
_6A80314.1
245 1 0 _aIntegrated education, a reader.
260 _aBeverly Hills, Calif.,
_bGlencoe Press
_c[1968]
500 _aConsist of selections from the magazine, Integrated education.
504 _aIncludes bibliographies.
650 0 _aSegregation in education.
_6S29176.1
730 0 _aIntegrated education.
999 _c196071
_d196071